Statistics for Jennifer Lawrence Films

Click here to take the quiz!

General Stats

  • This quiz has been taken 372 times
  • The average score is 6 of 12

Answer Stats

YearFilm% Correct
2012The Hunger Games
99%
2012Silver Linings Playbook
80%
2013The Hunger Games: Catching Fire
78%
2013American Hustle
66%
2011X-Men: First Class
65%
2010Winter's Bone
63%
2012House at the End of the Street
33%
2011Like Crazy
23%
2011The Beaver
23%
2008The Poker House
21%
2009The Burning Plain
18%
2008Garden Party
17%

Score Distribution

Percentile by Number Answered

Percent of People with Each Score

Your Score History

You have not taken this quiz